[Event "Titled Tuesday 2024.07.23 Late"]
[Site "Chess.com INT"]
[Date "2024.07.23"]
[Round "4"]
[White "Drozdowski, Kacper"]
[Black "Keleberda, Tymur"]
[Result "1-0"]
[WhiteElo "2448"]
[BlackElo "2222"]
[WhiteFideId "-1"]
[BlackFideId "-1"]
[PlyCount "127"]
[GameId "2072788618551296"]
[EventDate "2024.07.23"]
[EventType "swiss (blitz)"]
[EventRounds "11"]
[EventCountry "NET"]
[SourceTitle "EXT 2025"]
[Source "ChessBase"]
[SourceDate "2024.10.14"]
[SourceVersion "1"]
[SourceVersionDate "2024.10.14"]
[SourceQuality "1"]

1. e4 e6 2. d4 d5 3. Nc3 Bb4 4. Nge2 dxe4 5. a3 Bxc3+ 6. Nxc3 Nf6 7. Bg5 h6 8. Bxf6 Qxf6 9. Nxe4 Qe7 10. Qd2 b6 11. O-O-O Bb7 12. Bd3 Nd7 13. Rhe1 Nf6 14. Bb5+ c6 15. Bd3 O-O-O 16. Nxf6 Qxf6 17. Be4 c5 18. Qc3 Rxd4 19. Rxd4 Qxd4 20. Bxb7+ Kxb7 21. Qf3+ Ka6 22. Qxf7 e5 23. g3 Rd8 24. Kb1 e4 25. Qf4 Rd7 26. h4 Re7 27. h5 Qe5 28. Qg4 Qd4 29. Qe2+ Kb7 30. Rd1 Qf6 31. a4 Qc6 32. b3 Rf7 33. Re1 Qd5 34. Qxe4 Qxe4 35. Rxe4 Kc6 36. f4 Kd5 37. Re5+ Kd4 38. Kc1 c4 39. Kd2 cxb3 40. cxb3 Rb7 41. Re6 a6 42. g4 Kd5 43. f5 Kd4 44. f6 gxf6 45. Rxf6 b5 46. a5 Rg7 47. Rg6 Rf7 48. Rxh6 Rf2+ 49. Ke1 Rg2 50. Rg6 Kc3 51. h6 Kxb3 52. g5 Ka4 53. h7 Rh2 54. Rh6 Rxh6 55. gxh6 b4 56. h8=Q Ka3 57. Kd1 Ka2 58. Kc1 Ka3 59. Kb1 Ka4 60. h7 Kb5 61. Qg7 Kxa5 62. h8=Q Ka4 63. Qe8+ Ka3 64. Qb2# 1-0

[Event "Titled Tuesday 2024.07.23 Late"]
[Site "Chess.com INT"]
[Date "2024.07.23"]
[Round "5"]
[White "Keleberda, Tymur"]
[Black "Szente Varga, Fruzsina"]
[Result "1-0"]
[WhiteElo "2222"]
[BlackElo "2059"]
[WhiteFideId "-1"]
[BlackFideId "-1"]
[PlyCount "75"]
[GameId "2072788619051008"]
[EventDate "2024.07.23"]
[EventType "swiss (blitz)"]
[EventRounds "11"]
[EventCountry "NET"]
[SourceTitle "EXT 2025"]
[Source "ChessBase"]
[SourceDate "2024.10.14"]
[SourceVersion "1"]
[SourceVersionDate "2024.10.14"]
[SourceQuality "1"]

1. Nf3 Nf6 2. c4 g6 3. g3 Bg7 4. d4 c6 5. d5 cxd5 6. cxd5 Qa5+ 7. Nbd2 Qxd5 8. Bg2 O-O 9. O-O Qa5 10. Nb3 Qd8 11. Bf4 Nc6 12. Qc1 Re8 13. Bh6 Bh8 14. h3 d5 15. Rd1 a5 16. Nfd4 Nxd4 17. Nxd4 Bd7 18. Qe3 e5 19. Nb3 d4 20. Qd2 Bc6 21. Bxc6 bxc6 22. e3 dxe3 23. Qxe3 Nd5 24. Qe2 a4 25. Nc5 Qb6 26. Rac1 a3 27. b3 Rad8 28. Ne4 Nb4 29. Nd6 Re6 30. Nc4 Qc7 31. Nxa3 Red6 32. Rxd6 Rxd6 33. Be3 Nd3 34. Rd1 e4 35. Nc4 Rd8 36. Bb6 Qc8 37. Bxd8 Qxd8 38. Qxe4 1-0

[Event "Titled Tuesday 2024.07.23 Late"]
[Site "Chess.com INT"]
[Date "2024.07.23"]
[Round "7"]
[White "Keleberda, Tymur"]
[Black "Haydon, David Leslie"]
[Result "0-1"]
[WhiteElo "2222"]
[BlackElo "2255"]
[WhiteFideId "-1"]
[BlackFideId "-1"]
[PlyCount "86"]
[GameId "2072788620718080"]
[EventDate "2024.07.23"]
[EventType "swiss (blitz)"]
[EventRounds "11"]
[EventCountry "NET"]
[SourceTitle "EXT 2025"]
[Source "ChessBase"]
[SourceDate "2024.10.14"]
[SourceVersion "1"]
[SourceVersionDate "2024.10.14"]
[SourceQuality "1"]

1. e4 d5 2. exd5 Qxd5 3. Nc3 Qd6 4. Bc4 Nf6 5. d3 c6 6. Nge2 Bg4 7. f3 Bh5 8. Be3 Nbd7 9. Qd2 e6 10. O-O-O Nd5 11. Bf2 Be7 12. a3 N7b6 13. Bb3 Bg6 14. Ne4 Qc7 15. Bg3 Qd8 16. Rde1 a5 17. h4 h6 18. Kb1 O-O 19. N2c3 Nxc3+ 20. Qxc3 Nd5 21. Qd2 Qb6 22. Bf2 Qc7 23. g3 a4 24. Ba2 Rfd8 25. Qe2 Bxa3 26. c4 Nb4 27. bxa3 Nxd3 28. Rd1 Nxf2 29. Qxf2 Qe5 30. Qb2 Bxe4+ 31. fxe4 Qxe4+ 32. Ka1 b5 33. cxb5 cxb5 34. Bb1 Qf3 35. Rde1 b4 36. axb4 a3 37. Qc2 Rac8 38. Rhf1 Qxg3 39. Qh7+ Kf8 40. Rxf7+ Kxf7 41. Rf1+ Ke7 42. Ka2 Rd2+ 43. Ka1 Qc3# 0-1

[Event "Titled Tuesday 2024.07.23 Late"]
[Site "Chess.com INT"]
[Date "2024.07.23"]
[Round "8"]
[White "Tarasova, Viktoriya"]
[Black "Keleberda, Tymur"]
[Result "0-1"]
[WhiteElo "2226"]
[BlackElo "2222"]
[WhiteFideId "-1"]
[BlackFideId "-1"]
[PlyCount "64"]
[GameId "2072788621271040"]
[EventDate "2024.07.23"]
[EventType "swiss (blitz)"]
[EventRounds "11"]
[EventCountry "NET"]
[SourceTitle "EXT 2025"]
[Source "ChessBase"]
[SourceDate "2024.10.14"]
[SourceVersion "1"]
[SourceVersionDate "2024.10.14"]
[SourceQuality "1"]

1. d4 Nf6 2. c4 c5 3. d5 b5 4. cxb5 a6 5. bxa6 Bxa6 6. Nc3 d6 7. Nf3 g6 8. e4 Bxf1 9. Kxf1 Bg7 10. g3 O-O 11. Kg2 Nbd7 12. a4 Qb6 13. Re1 Ng4 14. Qe2 Nge5 15. Nd2 g5 16. f4 gxf4 17. gxf4 Ng6 18. Nc4 Qb4 19. Rf1 Kh8 20. Nb5 Rxa4 21. Rxa4 Qxa4 22. Nc3 Qb4 23. Bd2 Qb3 24. Kh1 Bd4 25. e5 dxe5 26. f5 Nf4 27. Bxf4 exf4 28. Na5 Qb6 29. Nc6 Rg8 30. Nxe7 Ra8 31. Nc6 Nf6 32. Nxd4 cxd4 0-1

[Event "Titled Tuesday 2024.07.23 Late"]
[Site "Chess.com INT"]
[Date "2024.07.23"]
[Round "9"]
[White "Keleberda, Tymur"]
[Black "Lin, Dachey"]
[Result "1-0"]
[WhiteElo "2222"]
[BlackElo "2303"]
[WhiteFideId "-1"]
[BlackFideId "-1"]
[PlyCount "75"]
[GameId "2072788622135296"]
[EventDate "2024.07.23"]
[EventType "swiss (blitz)"]
[EventRounds "11"]
[EventCountry "NET"]
[SourceTitle "EXT 2025"]
[Source "ChessBase"]
[SourceDate "2024.10.14"]
[SourceVersion "1"]
[SourceVersionDate "2024.10.14"]
[SourceQuality "1"]

1. e4 h5 2. Nf3 a5 3. Bc4 e6 4. Nc3 d6 5. d4 c6 6. a4 d5 7. Bd3 dxe4 8. Nxe4 Nd7 9. O-O Ngf6 10. Bg5 Be7 11. Ned2 Nd5 12. Bxe7 Qxe7 13. Re1 b6 14. Nc4 Bb7 15. Qd2 O-O 16. Nce5 Rfd8 17. Nxd7 Rxd7 18. Ne5 Rc7 19. f4 Rd8 20. f5 Bc8 21. fxe6 Bxe6 22. Qf2 c5 23. c3 cxd4 24. cxd4 Nb4 25. Be4 Qf6 26. Nf3 Bd5 27. Bxd5 Nd3 28. Qg3 Rc2 29. Be4 Nxe1 30. Rxe1 Rxb2 31. Kh1 g6 32. Qc7 Kg7 33. Bd3 Qd6 34. Qxd6 Rxd6 35. Bb5 f6 36. h3 g5 37. Re7+ Kh6 38. Bd3 1-0

[Event "Titled Tuesday 2024.07.23 Late"]
[Site "Chess.com INT"]
[Date "2024.07.23"]
[Round "10"]
[White "Khlebovich, Alexander"]
[Black "Keleberda, Tymur"]
[Result "0-1"]
[WhiteElo "2423"]
[BlackElo "2222"]
[WhiteFideId "-1"]
[BlackFideId "-1"]
[PlyCount "110"]
[GameId "2072788622913536"]
[EventDate "2024.07.23"]
[EventType "swiss (blitz)"]
[EventRounds "11"]
[EventCountry "NET"]
[SourceTitle "EXT 2025"]
[Source "ChessBase"]
[SourceDate "2024.10.14"]
[SourceVersion "1"]
[SourceVersionDate "2024.10.14"]
[SourceQuality "1"]

1. e4 c5 2. c3 g6 3. Nf3 Bg7 4. d4 cxd4 5. cxd4 d5 6. e5 a6 7. Nc3 Nc6 8. Qb3 e6 9. Na4 b5 10. Nc5 Qc7 11. Be3 Nge7 12. Rc1 Nf5 13. Bd3 Nxe3 14. fxe3 Qb6 15. Qc3 Ne7 16. O-O O-O 17. Ng5 h6 18. Nh3 Ra7 19. Nf4 Rc7 20. b4 Nc6 21. Qd2 Bd7 22. a3 Rfc8 23. h4 Be8 24. Rc2 a5 25. Rfc1 axb4 26. axb4 Ne7 27. Ra2 Ra7 28. Rca1 Rca8 29. Rxa7 Rxa7 30. Ra5 Nc6 31. Rxb5 Qc7 32. Kh2 Nxe5 33. dxe5 Bxb5 34. Bxb5 Bxe5 35. g3 Ra1 36. Bd3 Qa7 37. Na6 Rxa6 38. Bxa6 Qxa6 39. Qc2 Qb7 40. Qc5 Qb8 41. b5 g5 42. hxg5 hxg5 43. Ne2 Bc7 44. Qc6 Qb6 45. Qe8+ Kg7 46. Nd4 Be5 47. Qd7 Bxd4 48. exd4 Qxd4 49. Qc6 Qb2+ 50. Kh1 d4 51. Qd7 g4 52. Kg1 Qc1+ 53. Kf2 Qe3+ 54. Kf1 Qf3+ 55. Ke1 d3 0-1

[Event "Titled Tuesday 2024.07.23 Late"]
[Site "Chess.com INT"]
[Date "2024.07.23"]
[Round "11"]
[White "Keleberda, Tymur"]
[Black "Dourerassou, Jonathan"]
[Result "1-0"]
[WhiteElo "2222"]
[BlackElo "2422"]
[WhiteFideId "-1"]
[BlackFideId "-1"]
[PlyCount "115"]
[GameId "2072788623380480"]
[EventDate "2024.07.23"]
[EventType "swiss (blitz)"]
[EventRounds "11"]
[EventCountry "NET"]
[SourceTitle "EXT 2025"]
[Source "ChessBase"]
[SourceDate "2024.10.14"]
[SourceVersion "1"]
[SourceVersionDate "2024.10.14"]
[SourceQuality "1"]

1. e4 c5 2. Nf3 e6 3. b3 Nf6 4. e5 Nd5 5. Bb2 Nc6 6. g3 b6 7. Bg2 Bb7 8. O-O Be7 9. d3 O-O 10. Nbd2 d6 11. exd6 Bxd6 12. Ne4 Be7 13. h4 Re8 14. Re1 f6 15. Nc3 Nxc3 16. Bxc3 e5 17. a4 Qd7 18. a5 Nd4 19. a6 Bc6 20. Bxd4 cxd4 21. Nd2 Bxg2 22. Kxg2 Bb4 23. Re2 Bc3 24. Ra4 b5 25. Ra2 Qc6+ 26. Kh2 f5 27. Qh1 e4 28. dxe4 Bxd2 29. Rxd2 Rxe4 30. Rxd4 Rf8 31. c4 bxc4 32. bxc4 Qe6 33. Rxe4 fxe4 34. Qc1 h6 35. Rc2 Qxa6 36. c5 Qc6 37. Qb2 e3 38. Qb3+ Kh8 39. Qxe3 a5 40. Qd4 a4 41. Ra2 Ra8 42. Qd6 Qb5 43. c6 Qb3 44. Qa3 Qc4 45. Rd2 Qxc6 46. Rd6 Qe8 47. Qb2 a3 48. Rxh6+ Kg8 49. Qa2+ Qf7 50. Rh8+ Kxh8 51. Qxf7 a2 52. Qh5+ Kg8 53. Qd5+ Kh7 54. Qxa8 Kg6 55. Qxa2 Kh6 56. Qe2 g6 57. Qe3+ Kh5 58. Qg5# 1-0

[Event "Titled Tuesday 2024.07.23 Late"]
[Site "chess.com INT"]
[Date "2024.07.23"]
[Round "2"]
[White "Durarbayli, Vasif"]
[Black "Keleberda, Tymur"]
[Result "0-1"]
[WhiteElo "2628"]
[BlackElo "2222"]
[WhiteFideId "-1"]
[BlackFideId "-1"]
[PlyCount "120"]
[GameId "2130307541129877"]
[EventDate "2024.07.23"]
[EventType "swiss (blitz)"]
[EventRounds "11"]
[EventCountry "NET"]
[SourceTitle "The Week in Chess 1551"]
[Source "Mark Crowther"]
[SourceDate "2024.07.29"]
[SourceVersion "1"]
[SourceVersionDate "2024.07.29"]
[SourceQuality "2"]

1. e4 c5 2. Nf3 d6 3. d4 cxd4 4. Nxd4 Nf6 5. Nc3 a6 6. g3 e5 7. Nb3 Be7 8. Bg5 Nbd7 9. a4 b6 10. Bc4 Bb7 11. Qd3 O-O 12. h4 h6 13. g4 Nxg4 14. Bxe7 Qxe7 15. Qg3 Ngf6 16. Rg1 Nh5 17. Qf3 Ndf6 18. O-O-O Kh7 19. Nd2 Nf4 20. Nf1 g6 21. Ne3 Rac8 22. Bb3 Rxc3 23. bxc3 Bxe4 24. Nd5 N4xd5 25. Qg3 Nf4 26. Rde1 Qc7 27. Kb2 Bf5 28. h5 g5 29. Qf3 Rc8 30. Rd1 Be4 31. Qe3 d5 32. f3 Bf5 33. Rge1 Kg7 34. Qxe5 Qxe5 35. Rxe5 Be6 36. Rd4 N6xh5 37. Rb4 Rc6 38. c4 dxc4 39. Ba2 Nf6 40. Ka1 Nd7 41. Re1 h5 42. Rbb1 h4 43. Rg1 Kf6 44. c3 Nc5 45. Rbe1 Nxa4 46. Re3 Nc5 47. Bb1 Nb3+ 48. Kb2 h3 49. Be4 Rd6 50. Rh1 Nc5 51. Bc2 Ncd3+ 52. Kb1 b5 53. Re4 a5 54. Re3 b4 55. cxb4 axb4 56. Bxd3 cxd3 57. Re4 d2 58. Kc2 b3+ 59. Kd1 b2 60. Rb4 Nd3 0-1

[Event "Titled Tuesday 2024.07.23 Late"]
[Site "chess.com INT"]
[Date "2024.07.23"]
[Round "6"]
[White "Claure Verastegui, Rene David"]
[Black "Keleberda, Tymur"]
[Result "0-1"]
[WhiteElo "2007"]
[BlackElo "2222"]
[WhiteFideId "-1"]
[BlackFideId "-1"]
[PlyCount "56"]
[GameId "2130307541142426"]
[EventDate "2024.07.23"]
[EventType "swiss (blitz)"]
[EventRounds "11"]
[EventCountry "NET"]
[SourceTitle "The Week in Chess 1551"]
[Source "Mark Crowther"]
[SourceDate "2024.07.29"]
[SourceVersion "1"]
[SourceVersionDate "2024.07.29"]
[SourceQuality "2"]

1. e4 e6 2. d3 d5 3. Nd2 Bc5 4. Ngf3 Nc6 5. g3 Nf6 6. Bg2 dxe4 7. dxe4 e5 8. O-O O-O 9. c3 Qe7 10. Qc2 a5 11. Nc4 b6 12. Bg5 Ba6 13. Nfd2 h6 14. Bxf6 Qxf6 15. Rae1 Rad8 16. Kh1 Rd7 17. f4 Rfd8 18. fxe5 Qe6 19. Qa4 b5 20. Qc2 bxc4 21. Nf3 Nxe5 22. Nxe5 Qxe5 23. Rf5 Qe7 24. Ref1 Rd2 25. Qa4 Rxg2 26. Kxg2 Qxe4+ 27. R5f3 Rd2+ 28. Kh1 Qe2 0-1

[Event "Pan American-ch U18 34th"]
[Site "Orlando"]
[Date "2024.07.19"]
[Round "7"]
[White "Rusonik, Max"]
[Black "Keleberda, Tymur"]
[Result "1-0"]
[WhiteElo "2251"]
[BlackElo "2222"]
[WhiteFideId "-1"]
[BlackFideId "-1"]
[PlyCount "129"]
[GameId "2069810541568000"]
[EventDate "2024.07.15"]
[EventType "swiss"]
[EventRounds "9"]
[EventCountry "USA"]
[SourceTitle "EXT 2025"]
[Source "ChessBase"]
[SourceDate "2024.10.14"]
[SourceVersion "1"]
[SourceVersionDate "2024.10.14"]
[SourceQuality "1"]
[WhiteTeam "CAN"]
[BlackTeam "CAN"]

1. e4 e6 2. d4 d5 3. e5 c5 4. c3 Nc6 5. Nf3 Qb6 6. a3 c4 7. Nbd2 Na5 8. Rb1 Bd7 9. h4 Ne7 10. h5 f5 11. Be2 Rg8 12. Ng5 h6 13. Nh3 g5 14. hxg6 Nxg6 15. g4 fxg4 16. Bxg4 O-O-O 17. Nf1 Bxa3 18. Bxh6 Be7 19. Qe2 Nb3 20. Ng3 Qa5 21. O-O b5 22. f4 b4 23. f5 exf5 24. e6 fxg4 25. exd7+ Kxd7 26. Nf4 Nxf4 27. Bxf4 Qb6 28. Rbe1 Bf6 29. Qc2 Kc8 30. Qf5+ Kb7 31. Re6 Bxd4+ 32. cxd4 Qxd4+ 33. Be3 Qg7 34. Rf6 Kb8 35. Rf7 Qg6 36. Qe5+ Qd6 37. Qxd6+ Rxd6 38. Bf4 c3 39. Bxd6+ Ka8 40. Bxb4 cxb2 41. Rb1 Rb8 42. Rf8 a5 43. Rxb8+ Kxb8 44. Rxb2 a4 45. Kf2 Kb7 46. Ke3 Kb6 47. Ne2 Kb5 48. Ba3 Ka6 49. Kd3 Na5 50. Rb4 Nc6 51. Rxa4+ Kb5 52. Rf4 Kb6 53. Bb2 Kc5 54. Rxg4 Kd6 55. Rh4 Kd7 56. Bc3 Kd6 57. Rh6+ Kd7 58. Nf4 Ne7 59. Bb4 Nc6 60. Nxd5 Ne5+ 61. Ke4 Nf7 62. Ra6 Nd8 63. Rd6+ Kc8 64. Nb6+ Kc7 65. Rd7+ 1-0

[Event "Pan American-ch U18 34th"]
[Site "Orlando"]
[Date "2024.07.19"]
[Round "8"]
[White "Keleberda, Tymur"]
[Black "Luo, Terry"]
[Result "0-1"]
[WhiteElo "2222"]
[BlackElo "2316"]
[WhiteFideId "-1"]
[BlackFideId "-1"]
[PlyCount "146"]
[GameId "2069810541666304"]
[EventDate "2024.07.15"]
[EventType "swiss"]
[EventRounds "9"]
[EventCountry "USA"]
[SourceTitle "EXT 2025"]
[Source "ChessBase"]
[SourceDate "2024.10.14"]
[SourceVersion "1"]
[SourceVersionDate "2024.10.14"]
[SourceQuality "1"]
[WhiteTeam "CAN"]
[BlackTeam "USA"]

1. e4 c5 2. Nf3 d6 3. c3 Nf6 4. h3 Nc6 5. Bd3 e5 6. Bc2 d5 7. d3 d4 8. Ba4 Bd6 9. cxd4 cxd4 10. Bxc6+ bxc6 11. Qc2 O-O 12. Nbd2 Ba6 13. O-O Re8 14. Nc4 Bc7 15. Bg5 h6 16. Bh4 g5 17. Bg3 Nd7 18. Rfc1 Re6 19. b4 Rc8 20. Rab1 Bb8 21. Nfd2 Kg7 22. Qd1 Re8 23. Nb3 Bc7 24. Nca5 Bxa5 25. Nxa5 c5 26. Qd2 cxb4 27. Rxc8 Qxc8 28. Rc1 Qb8 29. Nc6 Qb6 30. Nxb4 Bb7 31. h4 f6 32. Nc2 Rc8 33. Na3 Rxc1+ 34. Qxc1 Qc5 35. Qb2 Ba6 36. Qb3 Nb6 37. Nc2 Bb5 38. Ne1 Be8 39. hxg5 hxg5 40. Nf3 Bf7 41. Qb2 Bh5 42. Qb3 Bxf3 43. gxf3 Nc8 44. Qb7+ Ne7 45. Qa6 Qb6 46. Qa3 Ng6 47. Kg2 a5 48. Qa4 Nh8 49. Kf1 Nf7 50. Ke2 Kf8 51. a3 Ke7 52. Qc2 Nd6 53. Kf1 Qb5 54. Kg2 a4 55. Qc7+ Ke6 56. Qg7 Qxd3 57. Qg8+ Ke7 58. Bxe5 fxe5 59. Qxg5+ Kd7 60. Qxe5 Qc4 61. Qg7+ Nf7 62. Qg4+ Ke7 63. e5 Nxe5 64. Qe4 Kd6 65. f4 Nd7 66. f3 Qd5 67. Qg6+ Kc7 68. Qc2+ Nc5 69. Qh7+ Kb6 70. f5 d3 71. f6 Qg5+ 72. Kf2 Qxf6 73. Qg8 Qd4+ 0-1

[Event "PanAm-ch U18"]
[Site "Orlando USA"]
[Date "2024.07.16"]
[Round "3.1"]
[White "Shivakumar, Shawnak"]
[Black "Keleberda, Tymur"]
[Result "0-1"]
[WhiteElo "2323"]
[BlackElo "2222"]
[WhiteFideId "-1"]
[BlackFideId "-1"]
[PlyCount "100"]
[GameId "2130307541553296"]
[EventDate "2024.07.15"]
[EventType "swiss"]
[EventRounds "9"]
[EventCountry "USA"]
[SourceTitle "The Week in Chess 1550"]
[Source "Mark Crowther"]
[SourceDate "2024.07.22"]
[SourceVersion "2"]
[SourceVersionDate "2024.07.24"]
[SourceQuality "2"]

1. Nf3 Nf6 2. c4 c5 3. Nc3 Nc6 4. e3 e6 5. d4 cxd4 6. exd4 d5 7. c5 Ne4 8. Bd3 f5 9. Bb5 Bd7 10. Bxc6 Bxc6 11. Ne5 g6 12. Qb3 Bg7 13. Nxe4 Bxe5 14. Bg5 Qa5+ 15. Bd2 Qa6 16. Ng5 Bf6 17. Qe3 O-O 18. Nf3 Rae8 19. Bc3 b6 20. cxb6 axb6 21. a4 Bb5 22. Ra3 Bc4 23. Ne5 f4 24. Qf3 Bxe5 25. dxe5 Rc8 26. Kd2 d4 27. Bb4 Be2 28. Qb3 Rfe8 29. h4 f3 30. gxf3 Rc4 31. Raa1 Rxb4 32. Qxb4 Qd3+ 33. Ke1 Bxf3 34. Qb5 Qxb5 35. axb5 Bxh1 36. Ra4 Rd8 37. Ra6 Rb8 38. Ra4 Bd5 39. Rxd4 Rc8 40. Kd2 Rc4 41. Rd3 Rxh4 42. Ra3 Rb4 43. Kc3 Rxb5 44. b4 h5 45. Ra7 h4 46. Rc7 h3 47. Rc8+ Kg7 48. Rc7+ Kh6 49. Rc8 Kg5 50. Rh8 Bg2 0-1

[Event "PanAm-ch U18"]
[Site "Orlando USA"]
[Date "2024.07.17"]
[Round "4.2"]
[White "Keleberda, Tymur"]
[Black "Sharma, Vishruth"]
[Result "1-0"]
[WhiteElo "2222"]
[BlackElo "1905"]
[WhiteFideId "-1"]
[BlackFideId "-1"]
[PlyCount "133"]
[GameId "2130307541553299"]
[EventDate "2024.07.15"]
[EventType "swiss"]
[EventRounds "9"]
[EventCountry "USA"]
[SourceTitle "The Week in Chess 1550"]
[Source "Mark Crowther"]
[SourceDate "2024.07.22"]
[SourceVersion "2"]
[SourceVersionDate "2024.07.24"]
[SourceQuality "2"]

1. e4 e5 2. Nf3 Nc6 3. Bc4 Nf6 4. d4 exd4 5. e5 d5 6. Bb5 Ne4 7. Nxd4 Bd7 8. Bxc6 bxc6 9. O-O Bc5 10. f3 Ng5 11. Be3 Bb6 12. f4 Ne4 13. Nd2 Nxd2 14. Qxd2 c5 15. Nf3 d4 16. Bf2 Bc6 17. Bh4 Qd7 18. f5 Qxf5 19. a4 a5 20. Nxd4 Qd7 21. Nf3 c4+ 22. Bf2 O-O-O 23. Qf4 Qd5 24. Bxb6 cxb6 25. Rf2 Rd7 26. Ng5 f6 27. e6 Rc7 28. Nf7 Rg8 29. Nd6+ Kb8 30. e7 Rxe7 31. Nf5+ Rc7 32. Ne7 Qe6 33. Nxg8 Qxg8 34. Qg3 Qd5 35. b3 Kb7 36. Re1 Qc5 37. h4 Bd5 38. Kh2 Qb4 39. Re3 h6 40. Rf4 Qd6 41. Rd4 Qc5 42. Rd1 g5 43. h5 g4 44. Rde1 cxb3 45. cxb3 Bf7 46. Qxg4 Bxh5 47. Qe4+ Ka7 48. Rg3 Bf7 49. Ree3 Qh5+ 50. Rh3 Qg5 51. Reg3 Qd2 52. Rd3 Qb2 53. Rd8 Qe5+ 54. Qxe5 fxe5 55. Rd6 h5 56. Rf3 e4 57. Re3 Re7 58. Kg3 Kb7 59. Kf4 Kc7 60. Rh6 Rd7 61. Rc3+ Kb7 62. Rcc6 Rd2 63. Rxb6+ Kc7 64. Rhc6+ Kd7 65. Rc3 Bd5 66. g3 Be6 67. Kxe4 1-0

[Event "PanAm-ch U18"]
[Site "Orlando USA"]
[Date "2024.07.17"]
[Round "5.1"]
[White "Reyes Zavaleta, Fabian Ricardo"]
[Black "Keleberda, Tymur"]
[Result "0-1"]
[WhiteElo "2139"]
[BlackElo "2222"]
[WhiteFideId "-1"]
[BlackFideId "-1"]
[PlyCount "150"]
[GameId "2130307541553300"]
[EventDate "2024.07.15"]
[EventType "swiss"]
[EventRounds "9"]
[EventCountry "USA"]
[SourceTitle "The Week in Chess 1550"]
[Source "Mark Crowther"]
[SourceDate "2024.07.22"]
[SourceVersion "2"]
[SourceVersionDate "2024.07.24"]
[SourceQuality "2"]

1. d4 Nf6 2. c4 e6 3. g3 d5 4. Nf3 dxc4 5. Bg2 a6 6. O-O Nc6 7. e3 Bd6 8. Nbd2 Rb8 9. Nxc4 b5 10. Nfe5 Nxe5 11. dxe5 bxc4 12. exf6 Qxf6 13. Qa4+ Bd7 14. Bc6 Bxc6 15. Qxc6+ Ke7 16. Qxc4 h5 17. Rd1 Qf3 18. Qd3 Rb4 19. e4 Qxd3 20. Rxd3 Rxe4 21. Be3 Rc4 22. Rc1 Rxc1+ 23. Bxc1 Rb8 24. b3 e5 25. Rc3 Ke6 26. Rc6 Ra8 27. Kf1 Kd5 28. Rc4 Rb8 29. Bd2 Rb6 30. Ke2 f5 31. f3 Rc6 32. Ra4 Be7 33. h3 Bc5 34. Ra5 Ke6 35. Bc3 g6 36. Kd3 Bd6 37. Bd2 Be7 38. Ra4 Bc5 39. Ke2 Bd4 40. Ra5 Rd6 41. Bb4 Rc6 42. Bd2 Rb6 43. Ra4 c5 44. Rc4 Kd5 45. Ra4 Rc6 46. Ra5 e4 47. h4 Re6 48. f4 Rc6 49. Be1 Kd6 50. Ra4 Kc7 51. Ba5+ Kb7 52. Rc4 Rd6 53. Be1 Kb6 54. Rc1 Kb5 55. Rc4 Rd5 56. Rc1 Bb2 57. a4+ Kb6 58. Rd1 Bd4 59. Bf2 Kc6 60. Be1 Rd7 61. Rc1 Kd5 62. Rd1 Kc6 63. Rc1 Rb7 64. b4 Kd5 65. Rd1 e3 66. Rb1 Ke4 67. b5 axb5 68. axb5 c4 69. Rb4 Kd5 70. Rb1 Kc5 71. Bb4+ Kb6 72. Be1 Ra7 73. Rb4 Ra2+ 74. Kf3 Rc2 75. Rb1 Bc5 0-1

[Event "PanAm-ch U18"]
[Site "Orlando USA"]
[Date "2024.07.18"]
[Round "6.1"]
[White "Keleberda, Tymur"]
[Black "Gao, Raymond"]
[Result "1-0"]
[WhiteElo "2222"]
[BlackElo "2001"]
[WhiteFideId "-1"]
[BlackFideId "-1"]
[PlyCount "95"]
[GameId "2130307541553302"]
[EventDate "2024.07.15"]
[EventType "swiss"]
[EventRounds "9"]
[EventCountry "USA"]
[SourceTitle "The Week in Chess 1550"]
[Source "Mark Crowther"]
[SourceDate "2024.07.22"]
[SourceVersion "2"]
[SourceVersionDate "2024.07.24"]
[SourceQuality "2"]

1. e4 c5 2. Nf3 d6 3. c3 Nf6 4. h3 Nc6 5. Bd3 e5 6. Bc2 g6 7. O-O Bg7 8. d3 h6 9. a3 O-O 10. b4 Re8 11. Nbd2 b6 12. Ba4 Bd7 13. Bb3 Be6 14. Bxe6 Rxe6 15. Re1 Qd7 16. Nb3 Rd8 17. Qc2 Ree8 18. Nh2 Kh7 19. Be3 Nh5 20. Rad1 Rc8 21. Qd2 Qe6 22. Nc1 Nf6 23. Ne2 Bf8 24. b5 Ne7 25. c4 Nh5 26. g4 Nf6 27. f4 exf4 28. Nxf4 Qd7 29. Rf1 Bg7 30. Rf2 Neg8 31. Rdf1 Rf8 32. Nf3 g5 33. Ne2 Ne7 34. Ng3 Nfg8 35. Nh5 f6 36. Ng3 Ng6 37. Nf5 N8e7 38. h4 Nxf5 39. gxf5 Ne5 40. Rg2 Nxf3+ 41. Rxf3 Kg8 42. hxg5 fxg5 43. Bxg5 hxg5 44. Qxg5 Rf7 45. f6 Rcf8 46. Qd5 Kh7 47. Qh5+ Bh6 48. Qg6+ 1-0

[Event "Titled Tuesday 2024.07.02 Early"]
[Site "Chess.com INT"]
[Date "2024.07.02"]
[Round "2"]
[White "Hoffmann, Asa"]
[Black "Keleberda, Tymur"]
[Result "1-0"]
[WhiteElo "2185"]
[BlackElo "2222"]
[WhiteFideId "-1"]
[BlackFideId "-1"]
[PlyCount "119"]
[GameId "2065220337860608"]
[EventDate "2024.07.02"]
[EventType "swiss (blitz)"]
[EventRounds "11"]
[EventCountry "NET"]
[SourceTitle "EXT 2025"]
[Source "ChessBase"]
[SourceDate "2024.10.14"]
[SourceVersion "1"]
[SourceVersionDate "2024.10.14"]
[SourceQuality "1"]

1. d4 Nf6 2. Bg5 e6 3. Nd2 d5 4. e3 h6 5. Bh4 Nbd7 6. f4 c5 7. c3 b6 8. Bd3 Bb7 9. Ngf3 Be7 10. O-O Ne4 11. Bxe7 Qxe7 12. Bxe4 dxe4 13. Ne5 Nxe5 14. fxe5 Ba6 15. Rf4 cxd4 16. Qa4+ Qd7 17. Qxa6 dxc3 18. Nxe4 cxb2 19. Rb1 O-O 20. Rxb2 Rac8 21. Nd6 Rc1+ 22. Rf1 Qc6 23. h3 Qc5 24. Qe2 Rxf1+ 25. Kxf1 Qxe5 26. Nc4 Qe4 27. Rd2 Rc8 28. Rd4 Qf5+ 29. Kg1 e5 30. Rg4 h5 31. Rh4 b5 32. Nd6 Rc1+ 33. Kh2 Qb1 34. Qxh5 Rh1+ 35. Kg3 Qe1+ 36. Kg4 Qe2+ 37. Kg3 Qe1+ 38. Kg4 Qe2+ 39. Kg3 Qxe3+ 40. Qf3 Qg5+ 41. Rg4 Qh5 42. Qa8+ Kh7 43. Rh4 Qxh4+ 44. Kxh4 f6 45. Qe4+ Kg8 46. Nf5 Rf1 47. g4 g6 48. Qd5+ Kf8 49. Qd6+ Kg8 50. Qxf6 gxf5 51. gxf5 e4 52. Qe6+ Kh7 53. Qxe4 b4 54. f6+ Kh6 55. Qe7 a5 56. f7 Kg7 57. f8=Q+ Kg6 58. Qxf1 b3 59. Qf4 bxa2 60. Qfg5# 1-0

[Event "Titled Tuesday 2024.07.02 Early"]
[Site "Chess.com INT"]
[Date "2024.07.02"]
[Round "3"]
[White "Keleberda, Tymur"]
[Black "Poddubnyi, Viktor"]
[Result "1-0"]
[WhiteElo "2222"]
[BlackElo "2304"]
[WhiteFideId "-1"]
[BlackFideId "-1"]
[PlyCount "49"]
[GameId "2065220338233344"]
[EventDate "2024.07.02"]
[EventType "swiss (blitz)"]
[EventRounds "11"]
[EventCountry "NET"]
[SourceTitle "EXT 2025"]
[Source "ChessBase"]
[SourceDate "2024.10.14"]
[SourceVersion "1"]
[SourceVersionDate "2024.10.14"]
[SourceQuality "1"]

1. Nf3 g6 2. c3 Bg7 3. e4 c5 4. Bc4 e6 5. Qe2 Ne7 6. d4 cxd4 7. Nxd4 O-O 8. O-O Nbc6 9. Nxc6 bxc6 10. Bf4 d5 11. Bb3 a5 12. Nd2 Ba6 13. c4 Bxb2 14. Bh6 Re8 15. Qf3 Bg7 16. Bxg7 Kxg7 17. Rfd1 Qc7 18. exd5 exd5 19. Qc3+ Kg8 20. cxd5 Rac8 21. d6 Qxd6 22. Ne4 Qb4 23. Nf6+ Kh8 24. Qb2 Nf5 25. Nxe8+ 1-0